Formule 1 - Quiz écurie : Racing Point - Statistiques

Statistiques générales
  • Ce quiz a été pris 62 fois
  • Le résultat moyen est 11 sur 15
Statistiques - réponses
Hint Réponse % Correct
Champion du monde constructeur Nombre de titres 0
98%
Champion du monde pilote Nombre de titres 0
98%
Histoire Couleur Rose
92%
Tous les pilotes 2018 - 2020 Sergio Pérez
89%
Histoire Dernière année de F1 2020
87%
Tous les pilotes 2018 Esteban Ocon
87%
Tous les pilotes 2019 - 2020 Lance Stroll
87%
Histoire Président Lawrence Stroll
87%
Histoire Première année de F1 2018
85%
Histoire Quelle écurie était Racing Points avant le rachat ? Force India
81%
Histoire Pays d'origine Royaume-Uni
74%
Tous les pilotes 2020 Nico Hülkenberg
68%
Histoire Directeur Otmar Szafnauer
21%
Histoire Nom Complet (aujourd'hui) Racing Point Formula One Team
13%
Histoire Nom précédent (en 2018) Racing Point Force India F1 Team
11%
Aucun quiz correspondant
Distribution des résultats
% des personnes avec chaque résultat
Percentile par nombre de réponses
Votre historique - résultats
Vous n’avez pas pris ce quiz